| 000 | 00471cam a2200181ua 4500 | ||
|---|---|---|---|
| 020 | _c50.00 | ||
| 041 |
_aeng _h |
||
| 082 |
_a028.7363 _bSEN/TE |
||
| 100 | _aSenapathi, P C . | ||
| 245 |
_aTerminology for agricultural engineering / _cP C Senapathi. _hTextual Documents |
||
| 250 |
_a1 / _b. |
||
| 260 |
_aAllahabad : _bTechnical Publishers of India , _c1992. |
||
| 300 | _a140 ; . | ||
| 365 | _a50.00 | ||
| 504 | _a | ||
| 942 | _cBK | ||
| 999 |
_c10832 _d10832 |
||